Queen aggression, pleometrotic advantage and brood raiding in the ant Veromessor pergandei (Hymenoptera: Formicidae) (Registro nro. 13707)

Detalles MARC
000 -CABECERA
Campo de control 003990000a22001210004500
090 ## - CLASIFICACIÓN LOCAL
Colección AR
Consecutivo 04607
041 0# - IDIOMA
Código de idioma para texto/pista de sonido o título separado
100 1# - ASIENTO PRINCIPAL--NOMBRE PERSONAL
Nombre personal Rissing, Steven W.
245 10 - MENCION DE TITULO
Título Queen aggression, pleometrotic advantage and brood raiding in the ant Veromessor pergandei (Hymenoptera: Formicidae)
700 1# - ASIENTO SECUNDARIO - NOMBRE PERSONAL
Nombre personal Pollock, Gregory B.
773 1# - Item fuente:
Título Anim. Behav.
Paginas del Articulo 975-981 p.
Lugar, editorial y fecha de publicación 1987
Información sobre la relación 35
942 ## - ELEMENTOS ADICIONALES (KOHA)
Tipo de ítem Artículo
Existencias
Withdrawn status Lost status Damaged status No para préstamo Colección Ubicación Permanente Ubicación actual Fecha de adquisición Fuente de Valor Datos de publicación Seriada Total Checkouts Número topográfico Inventario / Código de Barras Date last seen Ejemplar Price effective from Forma de adquisición Tipo de material
      No para Préstamo Hemeroteca Bogotá Bogotá 12/03/2010 Escobar Sarria, Federico Fuera de circulación   AR 04607 027960 25/03/2015 1 25/03/2015   Artículo